00652nam a2200217Ia 450000500170000000800410001702000150005808200210007324500690009426000390016330000160020265000130021865000140023165000150024565000170026070000190027770000200029694200060031695200970032299900150041920250213053246.0240331s9999 xx 000 0 und d a0415056284 bSAY21140a305.4 0aSocialism, Feminism and Philosophy:bA Radical Philosophy Reader aLondon;aNew YorkbRoutledgec1990 aix, 306 p., aFeminsim aSocialism aPhilosophy aHuman Nature aSayers, Seedt aOsborne, Peedt cL 001040708LaWERCLbWERCLcSSCd2024-03-31l0o 305.4 SOCp1140r2024-03-31w2024-03-31yL c1704d1704